000 00634nam a2200265Ia 4500
005 20260121170100.0
008 008 260114s9999 xx 000 0 eng d
020 _a9783319427492
037 _aEBOOK
040 _aCRL
040 _beng
040 _cCRL
041 _2eng
041 _aeng
084 _qCRL
100 _aDennis Komm
_91059604
245 3 _aAn Introduction to Online Computation
260 _bSpringer
260 _bSpringer
260 _c2016
856 _uhttps://link.springer.com/openurl?genre=book&isbn=978-3-319-42749-2
942 _cEBOOK
999 _c1625333
_d1625333